[Event "Under 3000 Open Tournament 1"]
[Site "SchemingMind.com"]
[Date "2015.08.30"]
[Round "-"]
[White "emvarela"]
[Black "Transcendent"]
[Result "1-0"]
[WhiteCountry "ARG"]
[BlackCountry "ENG"]
[WhiteElo "1722"]
[WhiteRD "46"]
[BlackElo "1517"]
[BlackRD "52"]
[GameID "386459"]

1. e4 e6 2. d4 d5 3. Nc3 Bb4 4. e5 c5 5. a3 Bxc3+ 6. bxc3 Ne7 7. Nf3 O-O 8. Be3 Qc7 9. dxc5 Nbc6 10. Bd4 Bd7
11. Bd3
1-0

[Event "Under 3000 Open Tournament 1"]
[Site "SchemingMind.com"]
[Date "2015.09.01"]
[Round "-"]
[White "emvarela"]
[Black "Gantz69"]
[Result "1/2-1/2"]
[WhiteCountry "ARG"]
[BlackCountry "MEX"]
[WhiteElo "1690"]
[WhiteRD "47"]
[BlackElo "1422"]
[BlackRD "88"]
[GameID "386561"]

1. e4 c6 2. d4 d5 3. Nc3 dxe4 4. Nxe4 Bf5 5. Ng3 Bg6 6. Nf3 Nf6 7. Bd3 e6 8. Bxg6 hxg6 9. Bg5 Nbd7 10. Qd3 Be7
11. Bxf6 Bxf6 12. O-O-O O-O 13. Ne4 b6 14. Nxf6+ Nxf6 15. h3 Qd7 16. Ne5 Qd5 17. f3 Rad8 18. c4 Qd6 19. Rd2 Nd7 20. Nxd7 Rxd7
21. Rhd1 Rfd8 22. Kc2 Kf8 23. Qe4 f5 24. Qe5 Qxe5=
1/2-1/2

[Event "Under 3000 Open Tournament 1"]
[Site "SchemingMind.com"]
[Date "2015.09.01"]
[Round "-"]
[White "Gantz69"]
[Black "emvarela"]
[Result "1-0"]
[WhiteCountry "MEX"]
[BlackCountry "ARG"]
[WhiteElo "1453"]
[WhiteRD "96"]
[BlackElo "1720"]
[BlackRD "49"]
[GameID "386562"]

1. c4 Nf6 2. Nc3 g6 3. d4 Bg7 4. Nf3 d6 5. e4 O-O 6. Be2 e5 7. dxe5 dxe5 8. Bg5 Qxd1+ 9. Rxd1 Bg4 10. Bxf6 Bxf6
11. Nd5 Bd8 12. O-O Bxf3 13. Bxf3 Nc6 14. a3 Nd4 15. b4 c6 16. Nc3 Nxf3+ 17. gxf3 Bf6 18. Rd7 Rab8 19. Ne2 Rfd8 20. Rfd1 a6
21. f4 Re8 22. f3 exf4 23. Nxf4 Red8 24. Rxd8+ Rxd8 25. Nd3 b6 26. Kf1 Rd4 27. Nb2 Rxd1+ 28. Nxd1 Be5 29. h3= f6 30. Ke2 Bd4
31. Kd3 c5 32. Nc3 Kf7 33. Nd5 b5 34. cxb5 axb5 35. Nc7 Bb2 36. Nxb5 cxb4 37. a4 Ke6 38. Kc4 Be5 39. Kxb4 f5 40. a5 fxe4
41. fxe4 Bb8 42. Kc5 Ke5 43. Kb6 Kxe4 44. Nc7
1-0

[Event "Under 3000 Open Tournament 1"]
[Site "SchemingMind.com"]
[Date "2015.09.01"]
[Round "-"]
[White "Transcendent"]
[Black "Gantz69"]
[Result "1-0"]
[WhiteCountry "ENG"]
[BlackCountry "MEX"]
[WhiteElo "1573"]
[WhiteRD "62"]
[BlackElo "1422"]
[BlackRD "88"]
[GameID "386563"]

1. d4 Nf6 2. c4 e6 3. g3 Bb4+ 4. Bd2 Bxd2+ 5. Nxd2 O-O 6. Bg2 d5 7. Ngf3 Nbd7 8. Rc1 c5 9. cxd5 exd5 10. O-O c4
11. b3 b5 12. bxc4 bxc4 13. Ne5 Bb7 14. Ndxc4 dxc4 15. Bxb7 Rb8 16. Nxd7 Qxd7 17. Bg2 Rfc8 18. e4 c3 19. d5 Qd6 20. f4 Qb6+
21. Kh1 Qb2 22. d6 Qd2 23. Qf3
1-0

[Event "Under 3000 Open Tournament 1"]
[Site "SchemingMind.com"]
[Date "2015.08.27"]
[Round "-"]
[White "Gantz69"]
[Black "Transcendent"]
[Result "0-1"]
[WhiteCountry "MEX"]
[BlackCountry "ENG"]
[WhiteElo "1423"]
[WhiteRD "86"]
[BlackElo "1524"]
[BlackRD "58"]
[GameID "386564"]

1. c4 Nf6 2. Nc3 c6 3. d4 d5 4. Nf3 dxc4 5. e4 b5 6. a3 Bb7 7. Be2 e6 8. Bg5 Be7 9. O-O Nbd7 10. Ne5 O-O
11. Bxf6 Bxf6 12. Nxd7 Qxd7 13. e5 Be7 14. Ne4 Rfd8 15. Nc5 Bxc5 16. dxc5 Qd5 17. Qxd5 cxd5 18. b4 d4 19. f4 d3
0-1

[Event "Under 3000 Open Tournament 1"]
[Site "SchemingMind.com"]
[Date "2015.09.02"]
[Round "-"]
[White "grabapawn"]
[Black "emvarela"]
[Result "1/2-1/2"]
[WhiteCountry "USA"]
[BlackCountry "ARG"]
[WhiteElo "1617"]
[WhiteRD "64"]
[BlackElo "1690"]
[BlackRD "47"]
[GameID "386675"]

1. e4 e5 2. Nf3 Nc6 3. Bc4 Bc5 4. O-O Nf6 5. Nc3 h6 6. d3 d6 7. Be3 Bxe3 8. fxe3 Bd7 9. Qd2 O-O 10. h3 Be6
11. Nd5 Bxd5 12. exd5 Ne7 13. e4 c6 14. dxc6 Qb6+ 15. Kh1 Nxc6 16. b3 Qc5 17. c3 b5 18. b4 Qb6 19. Bb3 a5 20. a3 axb4
21. axb4 Kh7 22. Nh4 Rxa1 23. Rxa1 g6 24. Kh2 Nh5 25. g4 Nf4 26. Ng2 Nxg2 27. Kxg2 f5 28. exf5 gxf5 29. Rf1 f4 30. d4 exd4
31. Qd3+ Kg7 32. Bc2 f3+ 33. Kg3 Ne5 34. Qh7+ Kf6 35. Qxh6+ Ke7 36. Qg5+ Kd7 37. Bf5+ Kc6 38. Be4+ Kc7 39. Qe7+ Nd7 40. Bf5 Rd8
41. Rxf3 d3 42. Rxd3 Qg1+ 43. Kf4 Qh2+ 44. Ke4 Qg2+ 45. Kf4 Qh2+ 46. Kg5 Qe5 47. Qxe5 Nxe5 48. Rd1 Rg8+ 49. Kf4 Rh8 50. Kg3 Nc4
51. Ra1 Ne5 52. h4 Nc4 53. Rh1 Kc6 54. Kf4 d5 55. g5 Nd6 56. Be6 Nc4 57. h5 Rf8+ 58. Kg4 Ne5+ 59. Kg3 Rf3+ 60. Kg2 Kd6
61. g6 Kxe6 62. h6 Rxc3 63. g7 Rc2+ 64. Kg3 Rc3+ 65. Kf2 Rc2+ 66. Ke3 Rc3+ 67. Kd4 Rc4+ 68. Ke3 Rc3+ 69. Kd4 Rc4+ 70. Ke3 Rc3+
1/2-1/2

[Event "Under 3000 Open Tournament 1"]
[Site "SchemingMind.com"]
[Date "2015.09.02"]
[Round "-"]
[White "emvarela"]
[Black "grabapawn"]
[Result "1-0"]
[WhiteCountry "ARG"]
[BlackCountry "USA"]
[WhiteElo "1700"]
[WhiteRD "49"]
[BlackElo "1604"]
[BlackRD "62"]
[GameID "386676"]

1. e4 c5 2. Nf3 d6 3. d4 cxd4 4. Nxd4 Nc6 5. Nxc6 bxc6 6. c4 g6 7. Nc3 Bg7 8. Qc2 Nf6 9. Bd3 O-O 10. O-O e5
11. Bg5 Rb8 12. b3 h6 13. Be3 Ng4 14. Qd2 Nxe3 15. Qxe3 c5 16. Nd5 f5 17. f3 f4 18. Qf2 h5 19. g3 g5 20. gxf4 exf4
21. Kh1 Bd4 22. Qg2 Rf7 23. Rae1 Rbb7 24. h4 Rg7 25. hxg5 Rxg5 26. Qh2 h4 27. Nxf4 Rh7 28. Re2 Be5 29. Rg2 h3 30. Rxg5+ Qxg5
31. Rg1 Qxg1+ 32. Qxg1+ Rg7 33. Qe3 h2 34. Ng2 Bh3 35. Bf1
1-0

[Event "Under 3000 Open Tournament 1"]
[Site "SchemingMind.com"]
[Date "2015.08.29"]
[Round "-"]
[White "grabapawn"]
[Black "Transcendent"]
[Result "0-1"]
[WhiteCountry "USA"]
[BlackCountry "ENG"]
[WhiteElo "1608"]
[WhiteRD "59"]
[BlackElo "1517"]
[BlackRD "52"]
[GameID "386677"]

1. e4 e6 2. d4 d5 3. Nc3 Bb4 4. e5 c5 5. a3 Bxc3+ 6. bxc3 Ne7 7. Nf3 h6 8. Be2 b6 9. O-O Ba6 10. Nh4 Nec6
11. Re1 Qxh4 12. g3 Qd8 13. h4 Bxe2 14. Rxe2 Nd7 15. Re3 O-O 16. Qh5 cxd4 17. cxd4 Nxd4 18. Ra2 Nf5 19. Rf3 Nxe5 20. Rf4 g6
21. Qe2 Nc4 22. a4 e5 23. Rxf5 gxf5 24. Bxh6 Re8 25. Qh5 Qf6 26. Bg5 Qg6 27. Qxg6+ fxg6 28. c3 Kf7 29. Ra1 Rac8 30. Rd1 Ke6
31. f3 Nb2 32. Rd2 Rxc3 33. Rxb2 Rec8 34. Kg2 Rc2+
0-1

[Event "Under 3000 Open Tournament 1"]
[Site "SchemingMind.com"]
[Date "2015.08.29"]
[Round "-"]
[White "Transcendent"]
[Black "grabapawn"]
[Result "1-0"]
[WhiteCountry "ENG"]
[BlackCountry "USA"]
[WhiteElo "1517"]
[WhiteRD "52"]
[BlackElo "1608"]
[BlackRD "59"]
[GameID "386678"]

1. d4 c5 2. d5 d6 3. c4 Nf6 4. g3 g6 5. Bg2 Bg7 6. Nc3 O-O 7. Nf3 Bd7 8. O-O a6 9. a4 e6 10. h3 Ra7
11. Kh2 e5 12. e4 h6 13. Ne1 Nh7 14. f4 b6 15. Nd3 f6 16. Be3 f5 17. fxe5 dxe5 18. Qd2 g5 19. exf5 Qc7 20. Be4 Nf6
21. Nf2 Bc8 22. d6 Qd7 23. Rad1 Nxe4 24. Nfxe4 Rxf5 25. Nd5 Qe6 26. Rxf5 Qxf5 27. Ne7+
1-0

[Event "Under 3000 Open Tournament 1"]
[Site "SchemingMind.com"]
[Date "2015.09.02"]
[Round "-"]
[White "grabapawn"]
[Black "Gantz69"]
[Result "1/2-1/2"]
[WhiteCountry "USA"]
[BlackCountry "MEX"]
[WhiteElo "1604"]
[WhiteRD "62"]
[BlackElo "1423"]
[BlackRD "86"]
[GameID "386679"]

1. e4 c6 2. Nc3 d5 3. d4 dxe4 4. Nxe4 Bf5 5. Ng3 Bg6 6. Nf3 Nf6 7. Bd3 Bxd3 8. Qxd3 e6 9. O-O Nbd7 10. Bg5 Be7
11. Rfe1 O-O 12. c4 h6 13. Bh4 Ng4 14. Bxe7 Qxe7 15. h3 Ngf6 16. Nf5 Qd8 17. Nd6 Nb6 18. c5 Nbd5 19. Ne5 Nf4 20. Qf3 Ng6
21. Rad1 Nxe5 22. dxe5 Nd5 23. Rd4 f5 24. g4 fxg4 25. Qxg4 Qg5 26. Ree4 Qxg4+ 27. hxg4 Rf3 28. Kg2 Raf8 29. Re2 R3f4 30. Rxf4 Rxf4
31. f3 g5 32. Re4 Rf8 33. a3 b6 34. cxb6 axb6 35. Ra4 Nf4+ 36. Kg3 Nd3 37. Ra6 Nxe5 38. Rxb6 Rxf3+ 39. Kg2 Rf4 40. Rb8+ Rf8
41. Rxf8+ Kxf8 42. Kg3 Ke7 43. Nc8+ Kd7 44. Nb6+ Kc7 45. Na4 Kd6=
1/2-1/2

[Event "Under 3000 Open Tournament 1"]
[Site "SchemingMind.com"]
[Date "2015.09.02"]
[Round "-"]
[White "Gantz69"]
[Black "grabapawn"]
[Result "1/2-1/2"]
[WhiteCountry "MEX"]
[BlackCountry "USA"]
[WhiteElo "1423"]
[WhiteRD "86"]
[BlackElo "1604"]
[BlackRD "62"]
[GameID "386680"]

1. c4 c5 2. Nc3 d6 3. Nf3 g6 4. d4 cxd4 5. Nxd4 Bg7 6. e4 Nc6 7. Be3 Bd7 8. Be2 Nf6 9. O-O O-O 10. f4 e5
11. fxe5 dxe5 12. Nxc6 Bxc6 13. Qxd8 Raxd8 14. Bxa7 Nxe4 15. Nxe4 Bxe4 16. Rad1 Ra8 17. Bc5 Rfe8 18. a3 Re6 19. Bf3 Bxf3 20. Rxf3 e4
21. Re3 Bxb2 22. Rb1 Bf6 23. Rxb7 Rd8 24. Rb1 Rc8 25. Rb5=
1/2-1/2

[Event "Under 3000 Open Tournament 1"]
[Site "SchemingMind.com"]
[Date "2015.08.30"]
[Round "-"]
[White "grabapawn"]
[Black "Jesse Turner"]
[Result "0-1"]
[WhiteCountry "USA"]
[BlackCountry "USA"]
[WhiteElo "1594"]
[WhiteRD "58"]
[BlackElo "1814"]
[BlackRD "179"]
[GameID "386744"]

1. e4 c5 2. Nc3 g6 3. Nf3 Bg7 4. Bc4 Nc6 5. O-O e6 6. d3 Nge7 7. Re1 O-O 8. Bg5 h6 9. Bh4 d6 10. Qd2 e5
11. Nd5 g5 12. Bxg5 hxg5 13. Qxg5 Nxd5 14. Qxd8 Rxd8 15. Bxd5 Ne7 16. Bb3 b5 17. Ng5 Rf8 18. Re3 Bh6 19. Rg3 Bxg5 20. Rxg5+ Kh7
21. Re1 f5 22. exf5 Rxf5 23. Rg3 Rf6 24. Re4 Bf5 25. Rh4+ Rh6 26. Rxh6+ Kxh6 27. a4 a6 28. h3 Rf8 29. c4 b4 30. f3 Rg8
31. Rxg8 Nxg8 32. Bc2 Ne7 33. a5 Nc6 34. h4 Nxa5 35. g4 Bh7 36. Kg2 Nc6 37. Kg3 Nd4 38. g5+ Kg7 39. Bb1 Bf5 40. f4 Kg6
41. Kf2 Kh5 42. Kg3 exf4+ 43. Kxf4 Kxh4 44. Ke3 Kxg5 45. Kd2 Kf4
0-1

[Event "Under 3000 Open Tournament 1"]
[Site "SchemingMind.com"]
[Date "2015.08.30"]
[Round "-"]
[White "Jesse Turner"]
[Black "grabapawn"]
[Result "1-0"]
[WhiteCountry "USA"]
[BlackCountry "USA"]
[WhiteElo "1814"]
[WhiteRD "179"]
[BlackElo "1594"]
[BlackRD "58"]
[GameID "386745"]

1. d4 c5 2. e3 cxd4 3. exd4 d6 4. Bd3 Nc6 5. c3 g6 6. Nf3 Bg7 7. O-O Nf6 8. Re1 O-O 9. Nbd2 Re8 10. Nf1 e5
11. dxe5 dxe5 12. Bg5 Bg4 13. Bxf6 Bxf6 14. h3 Bd7 15. Qc2 Qc8 16. Rad1 Rb8 17. Ng3 a6 18. Ne4 Bg7 19. Nd6 Qc7 20. Nxe8 Rxe8
21. Bf1 f5 22. Ng5 h6 23. Qb3+ Kh8 24. Qf7 Rd8 25. Ne6
1-0

[Event "Under 3000 Open Tournament 1"]
[Site "SchemingMind.com"]
[Date "2015.09.02"]
[Round "-"]
[White "emvarela"]
[Black "Jesse Turner"]
[Result "0-1"]
[WhiteCountry "ARG"]
[BlackCountry "USA"]
[WhiteElo "1709"]
[WhiteRD "48"]
[BlackElo "1890"]
[BlackRD "127"]
[GameID "386746"]

1. e4 c5 2. Nf3 d6 3. d4 cxd4 4. Nxd4 Nf6 5. Nc3 g6 6. g3 Bg7 7. Bg2 O-O 8. Be3 Nc6 9. Nxc6 bxc6 10. Qd2 Ng4
11. O-O Nxe3 12. Qxe3 Rb8 13. Nd1 c5 14. Rb1 Bg4 15. b3 Qd7 16. c3 Bh3 17. Bxh3 Qxh3 18. f4 a5 19. Nf2 Qd7 20. e5 Qc7
21. exd6 exd6 22. Rfe1 Rfe8 23. Qd2 Qc6 24. Rxe8+ Rxe8 25. c4 Bd4 26. Re1 Rxe1+ 27. Qxe1 Qf3 28. Kf1 d5 29. cxd5 Qxd5 30. Qe4 Qd7
31. Nd3 Qh3+ 32. Qg2 Qf5 33. Qe2 Qd5 34. Qg2 Qe6 35. Qe2 Qd5 36. Nf2 Qc6 37. Qe4 Qb5+ 38. Kg2 a4 39. Qf3 axb3 40. axb3 Qb4
41. Ne4 Kg7 42. f5 Qb6 43. fxg6 fxg6 44. Ng5 Bf6 45. Ne4 Bd4 46. Kh3 Qe6+ 47. Kg2 Qd5 48. Nd2 Qxf3+ 49. Nxf3 Bc3 50. Kf2 Kf6
51. Ke3 g5 52. g4 h6 53. h4 gxh4 54. Nxh4 Kg5 55. Kd3 Bb4 56. Nf5 h5 57. Ne3 hxg4 58. Ng2 g3 59. Ke2 Kg4 60. Kf1 Bd2
61. Ke2 Kh3 62. Kf3 Kh2 63. Nh4 Bc1 64. Ng2 Bh6 65. Ne1 Bd2 66. Ng2 Kh3
0-1

[Event "Under 3000 Open Tournament 1"]
[Site "SchemingMind.com"]
[Date "2015.09.02"]
[Round "-"]
[White "Jesse Turner"]
[Black "emvarela"]
[Result "1-0"]
[WhiteCountry "USA"]
[BlackCountry "ARG"]
[WhiteElo "1867"]
[WhiteRD "129"]
[BlackElo "1690"]
[BlackRD "47"]
[GameID "386747"]

1. d4 Nf6 2. Nf3 d5 3. e3 e6 4. Bd3 c5 5. b3 cxd4 6. exd4 Nc6 7. O-O Be7 8. Bb2 O-O 9. a3 Qc7 10. Nbd2 Bd6
11. Qe2 Re8 12. Ne5 Bxe5 13. dxe5 Nd7 14. f4 Qb6+ 15. Kh1 Nc5 16. Nf3 Nxd3 17. Qxd3 Bd7 18. Ng5 g6 19. Rf3 h6 20. Nh3 Rac8
21. Nf2 Ne7 22. Ng4 Kg7 23. Rh3 Rh8 24. Nf6 Bb5 25. Qd2 h5 26. Rc1 Nf5 27. a4 Be8 28. Ba3 Bc6 29. Bb4 Qd4 30. Rd3 Qb6
31. Ba5 Qa6 32. Bc3 b5 33. a5 d4 34. Bxd4 Nxd4 35. Rxd4 Qb7 36. b4 Qc7 37. c4 a6 38. c5 Rhd8 39. Rd1 Rxd4 40. Qxd4 Qb7
41. Rd2 Qe7 42. Qd6 Qxd6 43. Rxd6 Bb7 44. Kg1 Kf8 45. Nd7+ Ke7 46. Nb6 Rd8 47. Kf2 Rxd6 48. exd6+ Kd8 49. g3 f6 50. Ke3 Bc6
51. h3 Bg2 52. Kd4
1-0

[Event "Under 3000 Open Tournament 1"]
[Site "SchemingMind.com"]
[Date "2015.08.30"]
[Round "-"]
[White "Jesse Turner"]
[Black "Transcendent"]
[Result "1-0"]
[WhiteCountry "USA"]
[BlackCountry "ENG"]
[WhiteElo "1819"]
[WhiteRD "136"]
[BlackElo "1517"]
[BlackRD "52"]
[GameID "386748"]

1. d4 d5 2. Nf3 Nf6 3. e3 c5 4. c4 e6 5. a3 Nc6 6. dxc5 Bxc5 7. b4 Bb6 8. c5 Bc7 9. Bb2 O-O 10. Bd3 a6
11. Qc2 e5 12. Be2 Re8 13. O-O Bg4 14. h3 Bh5 15. Nbd2 d4 16. e4 h6 17. Bd3 g5 18. Rfd1 Kg7 19. g4 Bg6 20. Nf1 Rc8
21. Ng3 Qd7 22. Nf5+ Bxf5 23. gxf5 g4 24. hxg4 Nxg4 25. Nh2
1-0

[Event "Under 3000 Open Tournament 1"]
[Site "SchemingMind.com"]
[Date "2015.08.30"]
[Round "-"]
[White "Transcendent"]
[Black "Jesse Turner"]
[Result "0-1"]
[WhiteCountry "ENG"]
[BlackCountry "USA"]
[WhiteElo "1517"]
[WhiteRD "52"]
[BlackElo "1819"]
[BlackRD "136"]
[GameID "386749"]

1. d4 Nf6 2. c4 e6 3. g3 Bb4+ 4. Bd2 Qe7 5. Bg2 Nc6 6. Nf3 Bxd2+ 7. Nbxd2 d6 8. O-O O-O 9. Re1 e5 10. d5 Nb8
11. e4 a5 12. Rc1 Na6 13. a3 Nc5 14. Qe2 Bg4 15. h3 Bh5 16. b4 axb4 17. axb4 Na6 18. b5 Nc5 19. Qe3 Bg6 20. Nh4 Ra2
21. Nxg6 fxg6 22. Nb3 Ra3
0-1

[Event "Under 3000 Open Tournament 1"]
[Site "SchemingMind.com"]
[Date "2015.09.04"]
[Round "-"]
[White "Jesse Turner"]
[Black "Gantz69"]
[Result "1-0"]
[WhiteCountry "USA"]
[BlackCountry "MEX"]
[WhiteElo "1839"]
[WhiteRD "133"]
[BlackElo "1423"]
[BlackRD "86"]
[GameID "386750"]

1. d4 Nf6 2. Nf3 e6 3. e3 Nc6 4. a3 a6 5. Bd3 d5 6. O-O Bd6 7. b3 O-O 8. Bb2 Re8 9. Ne5 Be7 10. f4 Nxe5
11. fxe5 Ne4 12. Bxe4 dxe4 13. Nd2 c5 14. Nxe4 cxd4 15. exd4 b5 16. Qh5 Bb7 17. Qxf7+ Kh8 18. Nc5 Rf8 19. Qxe6 Bd5 20. Qg4 Bxc5
21. dxc5 h6 22. Rad1 Rxf1+ 23. Rxf1 Qe7 24. b4 Rf8 25. Rd1 Be6 26. Qd4 Qf7 27. h3
1-0

[Event "Under 3000 Open Tournament 1"]
[Site "SchemingMind.com"]
[Date "2015.09.04"]
[Round "-"]
[White "Gantz69"]
[Black "Jesse Turner"]
[Result "0-1"]
[WhiteCountry "MEX"]
[BlackCountry "USA"]
[WhiteElo "1423"]
[WhiteRD "86"]
[BlackElo "1839"]
[BlackRD "133"]
[GameID "386751"]

1. c4 Nf6 2. Nc3 e6 3. d4 Bb4 4. Bg5 h6 5. Bh4 c5 6. Nf3 Qa5 7. Bxf6 Bxc3+ 8. bxc3 Qxc3+ 9. Nd2 gxf6 10. e3 cxd4
11. Rc1 Qa5 12. exd4 Nc6 13. Qf3 Ke7 14. d5 Nd4 15. Qc3 Qxc3 16. Rxc3 b6 17. Bd3 Bb7 18. Be4 d6 19. Nf3 Nxf3+ 20. Bxf3 e5
21. Bh5 Rhc8 22. Bf3 Rc5 23. O-O Rac8 24. Rfc1 f5 25. Be2 Bxd5
0-1

[Event "Under 3000 Open Tournament 1"]
[Site "SchemingMind.com"]
[Date "2015.09.04"]
[Round "-"]
[White "grabapawn"]
[Black "The Stonewall"]
[Result "0-1"]
[WhiteCountry "USA"]
[BlackCountry "ENG"]
[WhiteElo "1594"]
[WhiteRD "58"]
[BlackElo "2206"]
[BlackRD "81"]
[GameID "386754"]

1. e4 c6 2. Nc3 d5 3. d4 dxe4 4. Nxe4 Bf5 5. Bd3 Qxd4 6. Nf3 Qb6 7. O-O Bxe4 8. Bxe4 Nf6 9. Bd3 e6 10. b3 Nbd7
11. Bb2 Nc5 12. Bc4 Be7 13. Re1 Nce4 14. Re2 Bc5 15. Qe1 Nxf2 16. Rxf2 Ng4 17. Nd4 Bxd4 18. Bxd4 Qxd4 19. Rd1 Qxf2+ 20. Qxf2 Nxf2
21. Kxf2 Ke7 22. Ke3 Rhd8 23. Rd4 Rxd4 24. Kxd4 Rd8+ 25. Ke4 Rd2 26. Bd3 Rxg2 27. h3 Kd6 28. a4 Rh2 29. b4 Rxh3 30. c4 f5+
31. Kd4 e5+
0-1

[Event "Under 3000 Open Tournament 1"]
[Site "SchemingMind.com"]
[Date "2015.09.04"]
[Round "-"]
[White "The Stonewall"]
[Black "grabapawn"]
[Result "1-0"]
[WhiteCountry "ENG"]
[BlackCountry "USA"]
[WhiteElo "2206"]
[WhiteRD "81"]
[BlackElo "1594"]
[BlackRD "58"]
[GameID "386755"]

1. e4 c5 2. Nf3 d6 3. d4 cxd4 4. Qxd4 a6 5. Be3 Nc6 6. Qd2 Nf6 7. Nc3 g6 8. O-O-O Bg7 9. Bh6 O-O 10. Bxg7 Kxg7
11. h4 Bg4 12. Be2 b5 13. Nd4 Bxe2 14. Nxc6 Qc7 15. Qxe2 Qxc6 16. Nd5 Rfe8 17. Rh3 e6 18. Nxf6 Kxf6 19. Rc3 Qd7 20. e5+ Kg7
21. Rxd6 Qb7 22. Qf3 Qxf3 23. Rxf3 b4 24. Rd7 Rf8 25. g3 a5 26. Kd2 Rad8 27. Rfd3 Rxd7 28. Rxd7 h6 29. Kd3 Rc8 30. f4 Kf8
31. c4 Ke8 32. Rd6 Ke7 33. Kd4 f6 34. Ra6 Rd8+ 35. Ke3 fxe5 36. fxe5 g5 37. hxg5 hxg5 38. Rxa5 Kf7 39. Rb5 Rd1 40. Rxb4
1-0

[Event "Under 3000 Open Tournament 1"]
[Site "SchemingMind.com"]
[Date "2015.09.04"]
[Round "-"]
[White "The Stonewall"]
[Black "emvarela"]
[Result "1-0"]
[WhiteCountry "ENG"]
[BlackCountry "ARG"]
[WhiteElo "2233"]
[WhiteRD "86"]
[BlackElo "1700"]
[BlackRD "49"]
[GameID "386756"]

1. d4 Nf6 2. Bg5 d5 3. Bxf6 gxf6 4. c4 dxc4 5. e3 Bg7 6. Bxc4 Nc6 7. Nc3 e6 8. Nge2 Bd7 9. Nf4 a6 10. Qg4 Rg8
11. Qh5 Nb4 12. Bxe6 Bxe6 13. Nxe6 Qe7 14. Qxh7 Kd7 15. Nxg7 Rxg7 16. Qxg7 Nc2+ 17. Kd2 Nxa1 18. Rxa1 Re8 19. Nd5
1-0

[Event "Under 3000 Open Tournament 1"]
[Site "SchemingMind.com"]
[Date "2015.09.04"]
[Round "-"]
[White "emvarela"]
[Black "The Stonewall"]
[Result "0-1"]
[WhiteCountry "ARG"]
[BlackCountry "ENG"]
[WhiteElo "1700"]
[WhiteRD "49"]
[BlackElo "2233"]
[BlackRD "86"]
[GameID "386757"]

1. e4 c5 2. Nf3 Nc6 3. d4 cxd4 4. Nxd4 g6 5. Nxc6 bxc6 6. Nc3 Bg7 7. Bd2 d6 8. Bd3 Rb8 9. Rb1 Nf6 10. b3 O-O
11. Ne2 Bd7 12. O-O Qc7 13. c4 Rfc8 14. Bc3 c5 15. Bxf6 Bxf6 16. Nf4 Qd8 17. Nd5 Bd4 18. Qf3 Bc6 19. Qg3 Rb7 20. Ne3 Qa5
21. Nf5 Bf6 22. Rb2 Bxb2
0-1

[Event "Under 3000 Open Tournament 1"]
[Site "SchemingMind.com"]
[Date "2015.08.30"]
[Round "-"]
[White "The Stonewall"]
[Black "Jesse Turner"]
[Result "1-0"]
[WhiteCountry "ENG"]
[BlackCountry "USA"]
[WhiteElo "2219"]
[WhiteRD "83"]
[BlackElo "1819"]
[BlackRD "136"]
[GameID "386758"]

1. c4 Nf6 2. d4 e6 3. g3 Bb4+ 4. Bd2 Qe7 5. Nf3 Nc6 6. Nc3 O-O 7. Bg2 Na5 8. Qa4 Nxc4 9. a3 Bxc3 10. Bxc3 d5
11. Bb4 Nd6 12. Rc1 Nfe4 13. O-O a5 14. Bxd6 Qxd6 15. Qc2 c6 16. Ne5 Nf6 17. f4 Bd7 18. Rfd1 Rfc8 19. Rd3 Ne8 20. g4 f6
21. Rh3 f5 22. g5 Qe7 23. Qb3 Nd6 24. Qg3
1-0

[Event "Under 3000 Open Tournament 1"]
[Site "SchemingMind.com"]
[Date "2015.08.30"]
[Round "-"]
[White "Jesse Turner"]
[Black "The Stonewall"]
[Result "0-1"]
[WhiteCountry "USA"]
[BlackCountry "ENG"]
[WhiteElo "1819"]
[WhiteRD "136"]
[BlackElo "2219"]
[BlackRD "83"]
[GameID "386759"]

1. d4 c5 2. e3 cxd4 3. exd4 d5 4. Bd3 Nc6 5. c3 Qc7 6. h3 Nf6 7. Nf3 g6 8. O-O Bf5 9. Re1 Bxd3 10. Qxd3 Bg7
11. Ne5 O-O 12. Bf4 Qb6 13. b4 Nxe5 14. Bxe5 Rac8 15. a4 Qc6 16. Ra2 e6 17. Qb5 Ne4 18. Bxg7 Kxg7 19. Qxc6 Rxc6 20. Rc2 Rfc8
21. Rec1 Nd6 22. Nd2 Ra6 23. a5 Rac6 24. Nb3 Nb5
0-1

[Event "Under 3000 Open Tournament 1"]
[Site "SchemingMind.com"]
[Date "2015.09.04"]
[Round "-"]
[White "The Stonewall"]
[Black "Transcendent"]
[Result "1-0"]
[WhiteCountry "ENG"]
[BlackCountry "ENG"]
[WhiteElo "2219"]
[WhiteRD "83"]
[BlackElo "1517"]
[BlackRD "52"]
[GameID "386760"]

1. c4 Nf6 2. g3 c6 3. Bg2 d5 4. Nf3 dxc4 5. Qc2 b5 6. b3 cxb3 7. axb3 Bb7 8. Ba3 g6 9. O-O Bg7 10. d4 O-O
11. Nbd2 Re8 12. Rfc1 Nd5 13. Ne4 e5 14. Nd6 Re7 15. Nxe5 b4 16. Nxb7
1-0

[Event "Under 3000 Open Tournament 1"]
[Site "SchemingMind.com"]
[Date "2015.08.30"]
[Round "-"]
[White "Transcendent"]
[Black "The Stonewall"]
[Result "0-1"]
[WhiteCountry "ENG"]
[BlackCountry "ENG"]
[WhiteElo "1517"]
[WhiteRD "52"]
[BlackElo "2219"]
[BlackRD "83"]
[GameID "386761"]

1. d4 e6 2. c4 Bb4+ 3. Bd2 a5 4. a3 Bxd2+ 5. Nxd2 b6 6. e4 Bb7 7. Ngf3 Ne7 8. Bd3 O-O 9. O-O d6 10. Re1 Nd7
11. Rc1 e5 12. Nf1 Ng6 13. Ng3 exd4 14. Nxd4 Nc5 15. b4 axb4 16. axb4 Ne6 17. Bb1 Qg5 18. Rc2 Ngf4
0-1

[Event "Under 3000 Open Tournament 1"]
[Site "SchemingMind.com"]
[Date "2015.09.04"]
[Round "-"]
[White "The Stonewall"]
[Black "Gantz69"]
[Result "1-0"]
[WhiteCountry "ENG"]
[BlackCountry "MEX"]
[WhiteElo "2233"]
[WhiteRD "86"]
[BlackElo "1423"]
[BlackRD "86"]
[GameID "386762"]

1. d4 Nf6 2. Bg5 e6 3. Nd2 d5 4. e3 Nbd7 5. c3 Be7 6. f4 O-O 7. Bd3 c5 8. Ngf3 c4 9. Bc2 h6 10. Bh4 Ne4
11. Nxe4 Bxh4+ 12. Ng3 Bxg3+ 13. hxg3 Nf6 14. Ne5 Nd7 15. Qh5 Nxe5 16. Qxe5 f6 17. Qh5 f5 18. g4 Qe8 19. Qh4 Qg6 20. g5
1-0

[Event "Under 3000 Open Tournament 1"]
[Site "SchemingMind.com"]
[Date "2015.09.04"]
[Round "-"]
[White "Gantz69"]
[Black "The Stonewall"]
[Result "0-1"]
[WhiteCountry "MEX"]
[BlackCountry "ENG"]
[WhiteElo "1423"]
[WhiteRD "86"]
[BlackElo "2233"]
[BlackRD "86"]
[GameID "386763"]

1. c4 g6 2. Nc3 Bg7 3. d4 d6 4. e4 e5 5. Nf3 Nc6 6. d5 Nce7 7. Be2 f5 8. Bg5 Nf6 9. Bxf6 Bxf6 10. O-O O-O
11. exf5 Bxf5 12. Re1 Qd7 13. Bd3 Bg4 14. Be4 Bg7 15. Qd3 Rf6 16. Nd2 Bh6 17. f3 Bf5 18. g4 Bxd2 19. Qxd2 Bxe4 20. Rxe4 Rxf3
21. Rf1 Rxf1+ 22. Kxf1 Rf8+ 23. Ke1 Nc8 24. a4 Nb6 25. b3 Rf3 26. a5 Qf7 27. Kd1 Nd7 28. Kc2 Nf6 29. Re3 Nxg4 30. Rxf3 Qxf3
31. h4 a6 32. Qg5 Qf5+ 33. Kd2 Nf6 34. Nd1 Qxg5+ 35. hxg5 Ne4+ 36. Ke3 Nxg5 37. Nf2 h5
0-1

[Event "Under 3000 Open Tournament 1"]
[Site "SchemingMind.com"]
[Date "2015.08.30"]
[Round "-"]
[White "grabapawn"]
[Black "Robert Bruce"]
[Result "0-1"]
[WhiteCountry "USA"]
[BlackCountry "SCO"]
[WhiteElo "1594"]
[WhiteRD "58"]
[BlackElo "2259"]
[BlackRD "68"]
[GameID "386765"]

1. e4 Nf6 2. Nc3 e5 3. Nf3 Nc6 4. Bc4 Nxe4 5. d3 Nxc3 6. bxc3 d5 7. Bb3 Bg4 8. Bb2 Qd6 9. h3 Bh5 10. g4 Bg6
11. Nh4 O-O-O 12. Nxg6 hxg6 13. Qe2 Be7 14. O-O-O Bg5+ 15. Kb1 Na5 16. f3 Nxb3 17. cxb3 Kb8 18. d4 exd4 19. c4 c5 20. cxd5 Qxd5
21. b4 Rhe8 22. Qd3 c4 23. Qa3 Bf6 24. Rhe1 Rxe1 25. Rxe1 c3 26. Bc1 d3 27. Be3 c2+ 28. Kc1 d2+ 29. Kxc2 d1=Q+ 30. Rxd1 Qxd1#
0-1